000 01545nam a2200349 c 4500
003 BLK
005 20231031151047.0
008 180408b bul|||||r ||||||| ||bul||
010 _aKNG00065815000
040 _aBLK
041 _aBUL
_cBUL
080 _aНародна медицина. Лечение с домашни средства
_b615.89
_x
_z615.89
100 1 _aДимков, Петър
_eпърви автор
_9366166
700 1 _aТодоров, Стефан
_eред.
_9366288
139 _aДимков, Петър
_bД 59
245 1 0 _aБългарска народна медицина
_bПриродолечение и природосъобразен живот : В 3. т.
_cПетър Димков; ред. Стефан Тодоров.
_nТ. 2
_pДетски болести и вътрешни болести у възрастните
257 _aBGR
260 София
_bБАН
_c1977 -
300 _c24 см
380 _a61
650 4 _aНародна медицина
_9255231
650 4 _aДетски болести
_9265395
650 4 _aВътрешни болести
_9244540
653 _aалтернативна медицина
760 1 _aДимков, Петър
_d1978
_h824 с., 24 см
_tТ. 2 Детски болести и вътрешни болести у възрастните
852 _aЦб 86297
856 4 _qpdf
_u
856 4 _qpdf
_u
942 _cKNG
_n0
_06
944 _aCR
_c13.06.2004
_k30535
_lХристина Везирева
944 _aED
_c20.12.2016
_kКети_Илиева
999 _c61612
_d61612